NCT Dream - Beatbox English Lyrics - Statistics

General Stats
  • This quiz has been taken 48 times
    47 since last reset
  • The average score is 201 of 414
Answer Stats
Answer % Correct
be
100%
go
97%
I
97%
the
97%
The
97%
a
92%
beatbox
89%
bring
89%
Everywhere
86%
boom
78%
Boom
78%
to
72%
me
64%
Yeah
64%
yeah
64%
like
61%
hear
58%
So
58%
so
58%
box
56%
Box
56%
it
56%
pop
56%
soda
53%
up
53%
You
53%
you
53%
Dance
50%
dance
50%
replay
50%
watch
50%
Watch
50%
heartbeat
47%
no
47%
Sugar
47%
call
42%
Call
42%
Music
42%
music
42%
my
42%
New
42%
new
42%
on
42%
bum
39%
Wake
39%
we
39%
We
39%
Make
36%
make
36%
morning
36%
drum
33%
kick
33%
put
33%
seven
33%
flavor
31%
got
31%
right
31%
time
31%
Twenty
31%
who
31%
yum
31%
and
28%
crazy
28%
do
28%
Do
28%
in
28%
know
28%
listen
28%
now
28%
ring
28%
stopping
28%
four
25%
start
25%
flow
22%
for
22%
head
22%
some
22%
there's
22%
when
22%
all
19%
can
19%
feel
19%
Let
19%
day
17%
Everyone
17%
is
17%
radio
17%
Rhythm
17%
rhythm
17%
top
17%
track
17%
turn
17%
Uh
17%
want
17%
chicka
14%
Get
14%
goin
14%
jam
14%
Just
14%
pull
14%
sing
14%
thing
14%
this
14%
us
14%
your
14%
hop
11%
kicks
11%
loud
11%
Nobody
11%
spot
11%
that
11%
back
8%
bass
8%
bump
8%
Cause
8%
floor
8%
gonna
8%
hit
8%
it's
8%
out
8%
Shout
8%
show
8%
Take
8%
with
8%
air
6%
brain
6%
from
6%
roof
6%
room
6%
run
6%
whole
6%
about
3%
better
3%
bumpin
3%
doing
3%
em
3%
Everwhere
3%
friends
3%
globe
3%
gotta
3%
puttin
3%
round
3%
snap
3%
Spinning
3%
worries
3%
cherry
0%
could
0%
Fill
0%
flippin
0%
gunghab
0%
hand
0%
low
0%
radio's
0%
That's
0%
Throw
0%
tongue
0%
world's
0%
No matching quizzes found
Score Distribution
Percent of People with Each Score
Percentile by Number Answered
Your Score History
You have not taken this quiz since the last reset